00181nam a2200073Ia 4500008004100000100001700041245002600058260002300084170817s9999 xx 000 0 und d aSHARMA S. K. 0aBHOTIK VIGYAN SIKSHAN bKAVITA PUB. JAIPUR